| 000 | 01894nam a2200217Ia 4500 | ||
|---|---|---|---|
| 999 |
_c8141 _d8141 |
||
| 005 | 20230516102755.0 | ||
| 008 | 230508s9999 xx 000 0 und d | ||
| 020 | _a9508850078 | ||
| 040 |
_aUPAN _cBiblioteca San Vicente _eRCAA2 |
||
| 041 | _aSpa | ||
| 082 |
_a340 _bG618m |
||
| 100 |
_aGoldberg,Steven H _4aut. |
||
| 245 | 0 |
_aMi Primer Juicio Oral/ _cSteven H. Goldberg |
|
| 250 | _a1ª ed | ||
| 260 |
_aBuenos Aires: _bEliasta, _c1994 |
||
| 300 |
_a264 p.: _c23 cm. |
||
| 505 | _aPrimera parte. Perspectiva del primer juicio Capitulo 1. El juicio es una representaciòn teatral. El papel del abogado Capitulo 2. El escenario: ¿ dònde me siento? El interrogatorio de los testigos Presentaciòn de pruebas, por lo nùmeros Preparar el empleo de una diagrama Dirigirse al jurado Presencia escènica en la sal del tribunal Capitulo 3. El libreto: ¿ Què digo? Capitulo 4. Peparar la pieza teatral en un anotador procesal Comenzar por el final: preparaciòn de la argumentaciòn de cierre... Prepare temprano las instrucciones destinadas al jurado... Finalizaciòn del comienzo: preparaciòn de la declaraciòn inaugural Capitulo 5. La preparaciòn de los actores en la leñera El orden de los testigod Prepare el testimonio y despuès al testigo Preparaciòn del testigo para el interrogatorio directo Preparaciòn del testigo para las repreguntas La preparaciòn del cliente La preparaciòn del experto Capitulo 6. Los elementos auxiliares Capitulo 7. Verificaciòn del pùblico Tercera parte. El primer juicio Capitulo 8. Reducciòn del pùblico: voir dire Capitulo 9. Se levanta el telòn: la declaraciòn inicial Capitulo 10. El diàlogo: el examen de los testigos Capitulo 11. Papel del abogado: defensa de la evidencia Capitulo 12. La ùltima escena: la argumentaciòn de cierre | ||
| 650 |
_2LEMB _aDerecho |
||
| 650 |
_2LEMB _aJuicio |
||
| 942 |
_cBK _2ddc |
||